| 000 | 00385 a2200169 4500 | ||
|---|---|---|---|
| 001 | 68749 | ||
| 020 | _a852601014X | ||
| 040 | _cAnchieta - Itaigara | ||
| 100 | _aCervantes Saavedra, Miguel de | ||
| 240 | 1 | 0 |
_aEra uma vez Dom Quixote _lpor |
| 245 | 1 | 0 | _aEra uma vez Dom Quixote |
| 300 | _a111 | ||
| 362 | 0 | _a2005 | |
| 440 | 1 | _aGlobal | |
| 650 | 4 | _aLiteratura juvenil | |
| 942 | _cBK | ||
| 999 |
_c68749 _d68749 |
||